000
00301nam a2200133 a 4500
008
100910s1976|||| d
100
1
_a
Dumas, Alexander
245
1
0
_a
Grófka de Charny
250
_a
I diel
020
_c
75
044
_a
xo
_c
SK
041
_a
slo
260
_c
1976
_a
Bratislava
_b
Tatran
999
_c
10281
_d
10281